[Event "Ruhrgebiet Verbandsklasse Gruppe 1 1516"]
[Site "Germany"]
[Date "2015.11.29"]
[Round "4.7"]
[White "Grothuesmann, Heinz"]
[Black "Koenitz, Wilfried"]
[Result "1-0"]
[WhiteElo "1687"]
[BlackElo "1458"]
[PlyCount "71"]
[EventDate "2015.09.06"]
[EventType "team-tourn"]
[EventRounds "9"]
[EventCountry "GER"]
[SourceTitle "EXT 2022"]
[Source "ChessBase"]
[SourceDate "2021.10.06"]
[SourceVersion "1"]
[SourceVersionDate "2021.10.06"]
[SourceQuality "1"]
[WhiteTeam "Recklinghausen Altstadt"]
[BlackTeam "Osterfeld Schwarze Dame"]
[WhiteTeamCountry "GER"]
[BlackTeamCountry "GER"]

1. e4 e5 2. Nf3 Nc6 3. Bc4 Bb4 4. c3 Be7 5. d4 d6 6. Nbd2 Nh6 7. h3 Na5 8. Bd3 b6 9. Nf1 g5 10. dxe5 dxe5 11. Nxe5 Qd6 12. Nf3 Rg8 13. Ng3 Bd7 14. Be3 c5 15. Qe2 Qe6 16. Nd2 Rc8 17. Bc2 b5 18. a3 a6 19. Rd1 Qa2 20. Rb1 Qe6 21. Qh5 c4 22. Nf3 g4 23. Nd4 Qf6 24. Qxh6 Rg6 25. Qf4 Qg7 26. Ngf5 Bxf5 27. Nxf5 Qf6 28. Nxe7 Qxe7 29. hxg4 Rf6 30. Qg5 Nb7 31. Rxh7 Rcc6 32. Rh8+ Kd7 33. Rd1+ Kc7 34. Qg8 Nd6 35. Bg5 Nxe4 36. Qb8# 1-0

[Event "Ruhrgebiet Verbandsklasse Gruppe 1 1516"]
[Site "Germany"]
[Date "2015.09.06"]
[Round "1.7"]
[White "Balke, Reiner"]
[Black "Grothuesmann, Heinz"]
[Result "1-0"]
[WhiteElo "1793"]
[BlackElo "1687"]
[PlyCount "33"]
[EventDate "2015.09.06"]
[EventType "team-tourn"]
[EventRounds "9"]
[EventCountry "GER"]
[SourceTitle "EXT 2022"]
[Source "ChessBase"]
[SourceDate "2021.10.06"]
[SourceVersion "1"]
[SourceVersionDate "2021.10.06"]
[SourceQuality "1"]
[WhiteTeam "Sodingen/Castrop SK III"]
[BlackTeam "Recklinghausen Altstadt"]
[WhiteTeamCountry "GER"]
[BlackTeamCountry "GER"]

1. e4 c5 2. Nf3 d6 3. g3 Nf6 4. Qe2 Nc6 5. Bg2 g6 6. d3 Bg7 7. Nbd2 a6 8. a4 Rb8 9. 0-0 0-0 10. Nc4 Bd7 11. a5 d5 12. exd5 Nxd5 13. c3 b5 14. axb6 Nxb6 15. Nfe5 Nxe5 16. Nxe5 Qc8 17. Bf4 1-0

[Event "Ruhrgebiet Verbandsklasse Gruppe 2 1415"]
[Site "Germany"]
[Date "2015.03.01"]
[Round "7.8"]
[White "Grothuesmann, Heinz"]
[Black "Herrmann, Christoph"]
[Result "1/2-1/2"]
[WhiteElo "1669"]
[BlackElo "1803"]
[PlyCount "63"]
[EventDate "2014.09.21"]
[EventType "team-tourn"]
[EventRounds "9"]
[EventCountry "GER"]
[SourceTitle "EXT 2022"]
[Source "ChessBase"]
[SourceDate "2021.10.06"]
[SourceVersion "1"]
[SourceVersionDate "2021.10.06"]
[SourceQuality "1"]
[WhiteTeam "Recklinghausen Altstadt"]
[BlackTeam "Dortmund SV"]
[WhiteTeamCountry "GER"]
[BlackTeamCountry "GER"]

1. e4 c5 2. Nf3 d6 3. d4 cxd4 4. Nxd4 Nf6 5. Nc3 a6 6. g3 e6 7. Bg2 Be7 8. a4 Qc7 9. 0-0 0-0 10. Nde2 Bd7 11. h3 Nc6 12. f4 b5 13. axb5 axb5 14. Rxa8 Rxa8 15. b3 Qb6+ 16. Kh2 Rd8 17. g4 Nb4 18. Ba3 d5 19. Ng3 Nxe4 20. Ncxe4 dxe4 21. Nxe4 Bc6 22. Qe2 Qc7 23. Bb2 Nd5 24. Be5 Qb6 25. Rf3 b4 26. Kg3 Nf6 27. Bxf6 gxf6 28. Rd3 Rxd3+ 29. Qxd3 Kg7 30. Nd2 Qg1 31. Nf3 Qc5 32. Nd2 1/2-1/2

[Event "Herne-ch 14th"]
[Site "Herne"]
[Date "2011.03.21"]
[Round "6"]
[White "Grothuesmann, Heinz"]
[Black "Brinkmann, Uwe"]
[Result "0-1"]
[WhiteElo "1641"]
[BlackElo "1950"]
[PlyCount "40"]
[EventDate "2011.02.07"]
[EventType "swiss"]
[EventRounds "7"]
[EventCountry "GER"]
[SourceTitle "EXT 2014"]
[Source "ChessBase"]
[SourceDate "2013.11.20"]
[SourceVersion "1"]
[SourceVersionDate "2013.11.20"]
[SourceQuality "1"]

1. e4 e5 2. Nf3 d6 3. d4 Nd7 4. Bc4 c6 5. dxe5 dxe5 6. 0-0 Be7 7. a4 Ngf6 8. Nc3 0-0 9. h3 Qc7 10. Re1 Nc5 11. Nh2 Be6 12. Bxe6 Nxe6 13. Ng4 Rfd8 14. Nxf6+ Bxf6 15. Qe2 Nd4 16. Qc4 Nxc2 17. Nb5 Qa5 18. b4 Qxb4 19. Qxb4 Nxb4 20. Na3 Nd3 0-1

[Event "Herne-ch 14th"]
[Site "Herne"]
[Date "2011.02.07"]
[Round "1"]
[White "Grothuesmann, Heinz"]
[Black "Wiechen, Ulrich"]
[Result "0-1"]
[WhiteElo "1641"]
[BlackElo "2152"]
[PlyCount "62"]
[EventDate "2011.02.07"]
[EventType "swiss"]
[EventRounds "7"]
[EventCountry "GER"]
[SourceTitle "EXT 2014"]
[Source "ChessBase"]
[SourceDate "2013.11.20"]
[SourceVersion "1"]
[SourceVersionDate "2013.11.20"]
[SourceQuality "1"]

1. e4 e5 2. Nf3 Nc6 3. Bb5 a6 4. Ba4 d6 5. 0-0 Bg4 6. c3 Qf6 7. d3 Nge7 8. Be3 Bxf3 9. Qxf3 Qxf3 10. gxf3 Ng6 11. d4 0-0-0 12. Nd2 Be7 13. d5 Nb8 14. b4 Nd7 15. c4 Rhf8 16. Rfb1 f5 17. b5 a5 18. b6 Nc5 19. Bxc5 dxc5 20. Bc2 Rd6 21. bxc7 f4 22. Rb5 b6 23. Kf1 Nh4 24. Ke2 Rg6 25. Nb3 Kxc7 26. Rh1 Rg2 27. Nxa5 Ra8 28. Nc6 Rxa2 29. Nxe7 Rxc2+ 30. Kd1 Rgxf2 31. Rg1 Nxf3 0-1

[Event "Recklinghausen-ch"]
[Site "Recklinghausen"]
[Date "2004.10.09"]
[Round "5"]
[White "Parado, Dominado"]
[Black "Grothuesmann, Heinz"]
[Result "1-0"]
[WhiteElo "1854"]
[BlackElo "1614"]
[PlyCount "49"]
[EventDate "2004.09.18"]
[EventType "swiss"]
[EventRounds "7"]
[EventCountry "GER"]
[SourceTitle "EXT 2006"]
[Source "ChessBase"]
[SourceDate "2005.11.24"]
[SourceVersion "1"]
[SourceVersionDate "2005.11.24"]
[SourceQuality "1"]

1. d4 Nf6 2. c4 e5 3. dxe5 Ng4 4. e4 Nxe5 5. f4 Nec6 6. Be3 Bb4+ 7. Nc3 Qh4+ 8. g3 Qe7 9. Bg2 Bxc3+ 10. bxc3 b6 11. Ne2 Ba6 12. 0-0 Bxc4 13. Re1 Bxe2 14. Qxe2 Na5 15. Rad1 Nbc6 16. Rd5 0-0 17. Qd3 d6 18. Rh5 g6 19. Rh4 Rae8 20. Qb5 Nd8 21. Qf1 f5 22. e5 dxe5 23. Bd5+ Nf7 24. Bd4 e4 25. Rxh7 1-0